La imagen activa y el expresionismo dramático / (Record no. 169116)

MARC details
000 -LEADER
campo de control de longitud fija 01161nam a2200253 i 4500
001 - NÚMERO DE CONTROL
campo de control 169116
003 - IDENTIFICADOR DE NÚMERO DE CONTROL
campo de control ES-MaACL
005 - FECHA Y HORA DE LA ÚLTIMA TRANSACCIÓN
campo de control 20250812062537.0
008 - DATOS DE LONGITUD FIJA--INFORMACIÓN GENERAL
campo de control de longitud fija 080819s1955 sp f |||| | spa d
080 ## - NÚMERO DE LA CLASIFICACIÓN DECIMAL UNIVERSAL
Número de la Clasificación Decimal Universal 82-2.02
100 1# - ENTRADA PRINCIPAL--NOMBRE DE PERSONA
Nombre de persona Guerrero Zamora, Juan,
Fechas asociadas al nombre 1927-2002
9 (RLIN) 60590
245 13 - MENCIÓN DEL TÍTULO
Título La imagen activa y el expresionismo dramático /
Mención de responsabilidad, etc. Juan Guerrero Zamora.
260 ## - PUBLICACIÓN, DISTRIBUCIÓN, ETC.
Lugar de publicación, distribución, etc. Madrid :
Nombre del editor, distribuidor, etc. Ateneo,
Fecha de publicación, distribución, etc. 1955.
300 ## - DESCRIPCIÓN FÍSICA
Extensión 40 p. :
Otras características físicas 1 lám. ;
Dimensiones 19 cm.
490 1# - MENCIÓN DE SERIE
Mención de serie Colección "O crece o muere" ;
Designación de volumen o secuencia 87
505 0# - NOTA DE CONTENIDO CON FORMATO
Nota de contenido con formato El grado en la selección; Los precursores; El expresionismo en Alemania; El expresionismo en otros países; Ideología e ideografía; La obra de Franz Kafka; Inspiración escénica del expresionismo; Supuestos fundamentales del expresionismo; El camino hacia Adamov.
594 ## - Nota al título y mención de responsabilidad
Nota al título y mención de responsabilidad El original fue dado a conocer por el autor en el Ateneo de Madrid el día 10 de febrero de 1955.
610 27 - PUNTO DE ACCESO ADICIONAL DE MATERIA--NOMBRE DE ENTIDAD CORPORATIVA
Nombre de entidad corporativa o nombre de jurisdicción como elemento de entrada Ateneo de Madrid-
Subdivisión de forma Conferencias-
Subdivisión cronológica 1940-1982.
9 (RLIN) 1908
650 04 - PUNTO DE ACCESO ADICIONAL DE MATERIA--TÉRMINO DE MATERIA
Término de materia o nombre geográfico como elemento de entrada Expresionismo (Literatura)
9 (RLIN) 156101
830 10 - PUNTO DE ACCESO ADICIONAL DE SERIE-TÍTULO UNIFORME
Título uniforme Colección "O crece o muere"
Designación de volumen o secuencia 87
9 (RLIN) 183476
852 ## - LOCALIZACIÓN
Ubicación ES-MaACL
Número de control de estantería J-24(87)
852 ## - LOCALIZACIÓN
Ubicación ES-MaACL
Número de control de estantería J-25(87)
Holdings
Estatus retirado Estado de pérdida Estado de daño No para préstamo Colección Biblioteca de origen Biblioteca actual Ubicación en estantería Fecha de adquisición Total de préstamos Signatura topográfica completa Código de barras Visto por última vez Precio de reemplazo Tipo de ítem Koha
        Fondo Ateneo de Madrid Biblioteca del Ateneo de Madrid Biblioteca del Ateneo de Madrid Depósito 2 19/08/2008   J-25(87) 1177547 23/02/2023 23/02/2023 Libro impreso
        Fondo Ateneo de Madrid Biblioteca del Ateneo de Madrid Biblioteca del Ateneo de Madrid Depósito 2 19/08/2008   J-24(87) 1177546 23/02/2023 23/02/2023 Libro impreso